|
|
|
|
| LEADER |
01120nta a2200241 i 4500 |
| 001 |
dokt11828 |
| 005 |
20240708111954.0 |
| 008 |
230725s2023 hu om 000 eng d |
| 024 |
7 |
|
|a 10.14232/phd.11828
|2 doi
|
| 024 |
7 |
|
|a 35088159
|2 mtmt
|
| 040 |
|
|
|a SZTE Doktori Repozitórium
|b hun
|
| 041 |
|
|
|a eng
|
| 100 |
1 |
|
|a Nagy Viktória
|
| 245 |
1 |
0 |
|a Characterization of antiproliferative and antimetastatic properties of novel terpene derivatives
|h [elektronikus dokumentum] /
|c Nagy Viktória
|
| 246 |
1 |
0 |
|a Félszintetikus terpén származékok tumorellenes hatásának vizsgálata
|h [elektronikus dokumentum]
|
| 260 |
|
|
|c 2023-12-11
|
| 502 |
|
|
|a Disszertacio
|
| 650 |
|
4 |
|a gyógyszerészeti tudományok
|
| 650 |
|
4 |
|a Orvos- és egészségtudomány
|
| 700 |
0 |
1 |
|a Zupkó István
|e ths
|
| 856 |
4 |
0 |
|u https://doktori.bibl.u-szeged.hu/id/eprint/11828/1/PhDThesisNagyViktoria.pdf
|z Dokumentum-elérés
|
| 856 |
4 |
0 |
|u https://doktori.bibl.u-szeged.hu/id/eprint/11828/2/NagyViktoriaSummaryofthesis.pdf
|z Dokumentum-elérés
|
| 856 |
4 |
0 |
|u https://doktori.bibl.u-szeged.hu/id/eprint/11828/3/NagyViktoraTezisosszefoglalo.pdf
|z Dokumentum-elérés
|